Personnages de fiction par couleur de cheveux - Noir - Statistiques

Statistiques générales
  • Ce quiz a été pris 114 fois
  • Le résultat moyen est 10 sur 20
Statistiques - réponses
Par images Réponse % Correct
Mercredi Addams
97%
Sacha Ketchum
94%
Mowgli
93%
Severus Rogue
90%
Wonder Woman
88%
Edna Mode
67%
John Wick
63%
Rebelle
52%
Nico Robin
50%
Nezuko Kamado
48%
Agnès
40%
Nana Osaki
33%
Mavis Dracula
31%
Toph Beifong
22%
Ryohei Arisu
20%
Mathilda Lando
18%
Mia Wallace
18%
Jin Kazama
11%
Noctis Lucis Caelum
9%
Lydia Deetz
8%
Aucun quiz correspondant
Distribution des résultats
% des personnes avec chaque résultat
Percentile par nombre de réponses
Votre historique - résultats
Vous n’avez pas pris ce quiz